Administratívna budova Račianske mýto v Bratislave

Salvato in:
Dettagli Bibliografici
Autore principale: Adamcová, Dominika, 1990- (Autore)
Altri autori: Kusý, Martin, 1948- (Relatore della tesi)
Natura: Manoscritto Libro
Lingua:slovacco
Pubblicazione: Bratislava 2015
Soggetti:
Accesso online:http://is.stuba.sk/zp/portal_zp.pl?podrobnosti=107651
Tags: Aggiungi Tag
Nessun Tag, puoi essere il primo ad aggiungerne!!

MARC

LEADER 00000ntm a22000003a 4500
001 stuzp52500
003 SK-STU
005 20210304094426.3
007 ta
008 150427s2015----xo-----f-mn---000-0-slo-d
040 |a STU  |b slo 
041 0 |a slo 
100 1 |a Adamcová, Dominika,  |d 1990-  |u 050900  |4 aut  |U FAD Fakulta architektúry a dizajnu  |U FAD Fakulta architektúry  |T FA Dekanát  |X 68098  |U A0900  |Y 158  |7 A000068098 
242 0 1 |a Office Building Račianske mýto in Bratislava  |y eng 
245 1 0 |a Administratívna budova Račianske mýto v Bratislave 
260 |c 2015  |a Bratislava 
650 4 |a administratívna budova  |2 slo 
650 4 |a Račianske mýto  |2 slo 
650 4 |a kancelárie  |2 slo 
650 4 |a office building  |2 eng 
650 4 |a offices  |2 eng 
650 4 |a Račianske mýto  |2 eng 
700 1 |a Kusý, Martin,  |d 1948-  |4 ths  |X 3763  |7 A000003763 
856 4 |u http://is.stuba.sk/zp/portal_zp.pl?podrobnosti=107651  |u https://opac.crzp.sk/?fn=detailBiblioForm&sid=E75B5E22D326BA6A98AA9BCFFF20 
SQL |a stuzp52500  |b DDP  |c SLO  |d Administratívna budova Račianske mýto v Bratislave  |e 68098  |f Adamcová, Dominika  |g 050900  |h 3763  |i Kusý, Martin  |j 20150604  |k 153  |l 05  |m http://is.stuba.sk/zp/portal_zp.pl?podrobnosti=107651  |n I-ARCH  |o 5.1.1. architektúra a urbanizmus